[Event "Southwest Class-ch 7th"]
[White "Webster, Brad W"]
[Black "Acosta, Mariano"]
[Site "Dallas"]
[Round "6"]
[Result "0-1"]
[Date "2016.02.14"]
[WhiteElo "1792"]
[BlackElo "2031"]
[PlyCount "60"]
[EventDate "2016.02.11"]
[EventType "swiss"]
[EventRounds "9"]
[EventCountry "USA"]
[SourceTitle "EXT 2018"]
[Source "ChessBase"]
[SourceDate "2017.10.13"]
[SourceVersion "1"]
[SourceVersionDate "2017.10.13"]
[SourceQuality "1"]

1. e4 d6 2. d4 Nf6 3. Nc3 c6 4. f4 Qa5 5. Bd3 e5 6. Nf3 Bg4 7. dxe5 dxe5 8. fxe5 Nfd7 9. Bf4 Nxe5 10. Be2 Bxf3 11. Bxf3 Nbd7 12. a3 Be7 13. b4 Nxf3+ 14. Qxf3 Bxb4 15. Bd2 Bc5 16. Nd5 Qd8 17. Ne3 Qf6 18. Rb1 Qxf3 19. gxf3 Ne5 20. Ke2 0-0-0 21. Bc3 Bxe3 22. Kxe3 Nc4+ 23. Ke2 Rhe8 24. Rhg1 g6 25. Kf2 Nxa3 26. Ra1 Nb5 27. Bb4 a6 28. c4 Nd4 29. Bc3 Nb3 30. Ra2 Rd3 0-1

[Event "Southwest Class-ch 7th"]
[White "Yu, Jennifer R"]
[Black "Webster, Brad W"]
[Site "Dallas"]
[Round "4"]
[Result "1-0"]
[Date "2016.02.13"]
[WhiteElo "2102"]
[BlackElo "1792"]
[PlyCount "79"]
[EventDate "2016.02.11"]
[EventType "swiss"]
[EventRounds "9"]
[EventCountry "USA"]
[SourceTitle "EXT 2018"]
[Source "ChessBase"]
[SourceDate "2017.10.13"]
[SourceVersion "1"]
[SourceVersionDate "2017.10.13"]
[SourceQuality "1"]

1. c4 d6 2. Nc3 e5 3. g3 f5 4. Bg2 Nf6 5. e3 c6 6. Nge2 Be7 7. 0-0 0-0 8. d4 Nbd7 9. e4 fxe4 10. Nxe4 Nxe4 11. Bxe4 Nf6 12. Bg2 Qe8 13. f4 Qh5 14. Nc3 Bg4 15. Qd3 exd4 16. Qxd4 Rfe8 17. Be3 Bd8 18. Bf2 Bc7 19. Rae1 Be2 20. Nxe2 Rxe2 21. Rxe2 Qxe2 22. Qc3 Ng4 23. Bf3 Qe6 24. Re1 Qg6 25. Bxg4 Qxg4 26. Re7 Bb6 27. h3 Bxf2+ 28. Kxf2 Qg6 29. g4 Qh6 30. Kg3 Rf8 31. Qe3 Qf6 32. Rxb7 d5 33. cxd5 cxd5 34. g5 Qd6 35. Qd4 Rf7 36. Rxf7 Kxf7 37. Qxa7+ Kg6 38. Qd4 h6 39. h4 hxg5 40. hxg5 1-0

[Event "Southwest Class-ch 7th"]
[White "Brown, Michael William"]
[Black "Webster, Brad W"]
[Site "Dallas"]
[Round "2"]
[Result "1-0"]
[Date "2016.02.12"]
[WhiteElo "2424"]
[BlackElo "1792"]
[PlyCount "89"]
[EventDate "2016.02.11"]
[EventType "swiss"]
[EventRounds "9"]
[EventCountry "USA"]
[SourceTitle "EXT 2018"]
[Source "ChessBase"]
[SourceDate "2017.10.13"]
[SourceVersion "1"]
[SourceVersionDate "2017.10.13"]
[SourceQuality "1"]

1. d4 Nf6 2. c4 e6 3. Nc3 d5 4. cxd5 exd5 5. Bg5 Be7 6. e3 0-0 7. Bd3 h6 8. Bh4 b6 9. Nf3 Bb7 10. 0-0 Nbd7 11. Rc1 Rc8 12. Nb5 c5 13. Bf5 a6 14. Nc3 g6 15. Bxf6 Bxf6 16. Bh3 Rb8 17. Bxd7 Qxd7 18. dxc5 bxc5 19. Ne4 Qe7 20. Nxc5 Bxb2 21. Rc2 Bf6 22. Qd3 Bc6 23. Rfc1 Bb5 24. Qxd5 Rfd8 25. Qe4 Qd6 26. h3 Bc6 27. Qc4 Bb5 28. Qe4 Bc6 29. Qc4 Bb5 30. Qb3 Bc6 31. Qa3 Bb5 32. Qa5 Re8 33. a4 Bd8 34. Qc3 Bf6 35. Qa5 Bd8 36. Qd2 Qxd2 37. Nxd2 Be2 38. Nde4 Bd3 39. Nxd3 Rxe4 40. Rc8 Rxc8 41. Rxc8 Re8 42. Nb4 Kf8 43. Nxa6 Be7 44. Rc4 Ra8 45. Nc7 1-0